01014nab a2200301 uc450000100070000000500170000700800410002403500110006503500210007604000130009704100080011010000390011824500590015765000370021665000200025365000290027365000310030265000450033365000310037865000250040965000360043465000280047065000330049870000380053177301140056994200100068399900190069375858420241205090756.0020703e20020501 spa  a758584 a(OCoLC)819978529 ccomduadb aspa10aCross, Robert L.4auteaut936133413aEl valor del juicio intuitivo en la toma de decisiones 7aToma de decisiones2lemb9175188 aLideres9176296 7aIntuición2lemb936030 aEntorno empresarial974636 7aMotivación (Psicología)2lemb919584 aProyección social921651 aCognitivismo9175856 aConflicto organizacional978449 7aAutoestima2lemb932643 aTendencias economicas93903810aBrodt, Susan E.4auteaut93613350 tHarvard Deusto Business Review (Barcelona)gNúmero 108, Mayo-Junio 2002, p. 14-23w373791z0210900X0112195 cARIMP c249777d249777